Statistics for Black Magic-Lyrics

Click here to take the quiz!

General Stats

  • This quiz has been taken 98 times
    (97 since last reset)
  • The average score is 358 of 473

Answer Stats

Answer% Correct
a
95%
I
95%
on
91%
the
91%
black
89%
magic)
89%
magic
89%
ya
89%
you
89%
it
87%
(and
85%
and
85%
got
85%
me
85%
love
83%
of
83%
be
81%
boy
80%
he
80%
in
80%
my
80%
it's
79%
take
79%
to
79%
at
77%
one
77%
secret
77%
that
77%
but
76%
make
76%
called
75%
can't
75%
potion
75%
what
75%
your
75%
all
73%
broken
73%
sip
73%
time
73%
fall
72%
get
72%
door
71%
spell
71%
belong
69%
is
69%
knocking
69%
more
69%
recipe
69%
say
69%
ain't
68%
answer
68%
boys
68%
come
68%
I'll
68%
know
68%
for
67%
loves
67%
mine
67%
girls
65%
him
65%
so
65%
want
65%
you'll
65%
here's
64%
playing
63%
see
63%
still
63%
block
61%
down
61%
enough
61%
it'll
61%
lover
61%
night
61%
repeat
61%
side
61%
up
61%
after
60%
taste
60%
while
60%
been
59%
drop
59%
hey
59%
knees
59%
price
59%
should
59%
wanna
59%
just
57%
keep
57%
he's
56%
his
56%
honey
56%
missing
56%
said
56%
fallin
55%
if
55%
sweet
55%
crystal
53%
looking
52%
you're
52%
ballin'
51%
help
51%
full
49%
Right
47%
knocked
45%
overnight
43%
Mr.
41%
need
41%
change
40%
now
33%

Score Distribution

Percentile by Number Answered

Percent of People with Each Score

Your Score History

You have not taken this quiz since the last reset